Toán học cao cấp

Bewaard in:
Bibliografische gegevens
Hoofdauteur: Nguyễn, Đình Trí
Formaat: Boek
Taal:Undetermined
Gepubliceerd in: Hà Nội Giáo Dục 2001
Onderwerpen:
Tags: Voeg label toe
Geen labels, Wees de eerste die dit record labelt!
Thư viện lưu trữ: Trung tâm Học liệu Trường Đại học Cần Thơ
LEADER 00606nam a2200193Ia 4500
001 CTU_102231
008 210402s9999 xx 000 0 und d
020 |c 14400 
082 |a 515 
082 |b Tr300/T.3 
100 |a Nguyễn, Đình Trí 
245 0 |a Toán học cao cấp 
245 0 |c Nguyễn Đình Trí ( chủ biên), Tạ Văn Đĩnh, Nguyễn Hồ Quỳnh 
260 |a Hà Nội 
260 |b Giáo Dục 
260 |c 2001 
650 |a Mathematical analysis,Variate difference method 
904 |i M.Loan 
980 |a Trung tâm Học liệu Trường Đại học Cần Thơ